<?xml version="1.0" encoding="UTF-8"?>
<record
    xmlns:xsi="http://www.w3.org/2001/XMLSchema-instance"
    xsi:schemaLocation="http://www.loc.gov/MARC21/slim http://www.loc.gov/standards/marcxml/schema/MARC21slim.xsd"
    xmlns="http://www.loc.gov/MARC21/slim">

  <leader>02952nab a2200241 ab4500</leader>
  <controlfield tag="005">20260525141519.0</controlfield>
  <controlfield tag="008">251016c2025    ve fr poo#   #00|   spa d</controlfield>
  <controlfield tag="003"></controlfield>
  <datafield tag="040" ind1=" " ind2=" ">
    <subfield code="a">MX-MxUPN</subfield>
    <subfield code="b">spa</subfield>
    <subfield code="c">MX-MxUPN</subfield>
    <subfield code="e">aacr2</subfield>
  </datafield>
  <datafield tag="100" ind1="1" ind2=" ">
    <subfield code="a">Guerrero Talez, Mart&#xED;n Segundo </subfield>
    <subfield code="9">59693</subfield>
  </datafield>
  <datafield tag="245" ind1="1" ind2=" ">
    <subfield code="a">Liderazgo lateral :</subfield>
    <subfield code="b">metodolog&#xED;a para transformar la gesti&#xF3;n educativa</subfield>
    <subfield code="h">[recurso electr&#xF3;nico en l&#xED;nea]</subfield>
  </datafield>
  <datafield tag="506" ind1="0" ind2=" ">
    <subfield code="a">Acceso abierto</subfield>
  </datafield>
  <datafield tag="520" ind1="3" ind2=" ">
    <subfield code="a">La din&#xE1;mica subyacente en los centros educativos del pa&#xED;s es un elemento vinculante con la globalizaci&#xF3;n y los avances cient&#xED;ficos. Igualmente, la sociedad del siglo XXI demanda transformar la gerencia educativa para contextualizarla con la realidad mundial. De all&#xED;, la pertinencia en adoptar estilos gerenciales orientados a la colaboraci&#xF3;n, comunicaci&#xF3;n asertiva y participaci&#xF3;n. Por tanto, el liderazgo lateral se constituye en un modelo de gesti&#xF3;n ideal para implementarlo en la escuela venezolana, porque, permite la cooperaci&#xF3;n entre agentes pertenecientes a un mismo nivel t&#xE9;cnico-operativo. En correspondencia, el presente ensayo tuvo como objetivo analizar el liderazgo lateral como metodolog&#xED;a para transformar la gesti&#xF3;n educativa. Se sustent&#xF3; con basamentos te&#xF3;ricos de Pascual (2025), Arias (2024), Adler (2021) y Fisher y Sharp (1999). Desde el punto de vista metodol&#xF3;gico, el ensayo forma parte de una investigaci&#xF3;n doctoral en desarrollo, orientada bajo el paradigma interpretativo, enfoque cualitativo de tipo documental basada en la revisi&#xF3;n de informaci&#xF3;n y como t&#xE9;cnica utilizada el an&#xE1;lisis de contenido, como instrumento se us&#xF3; un guion de entrevista y las notas de campo registradas por el investigador. Cabe destacar, que esta metodolog&#xED;a se acompa&#xF1;a a trav&#xE9;s de un proceso descriptivo-reflexivo orientado a implementar nuevos procedimientos t&#xE9;cnico-administrativos en los planteles educativos, vinculados directamente con el enfoque pentadimensional de la investigaci&#xF3;n y, de esta manera, mantener la correspondencia con los procesos gerenciales que la sociedad del conocimiento demanda. Su autor concluye que es necesario incluir en la gesti&#xF3;n educativa un estilo gerencial no convencional, como es el caso del liderazgo lateral porque permite transformar la administraci&#xF3;n educacional. Asimismo, la aplicabilidad de la colaboraci&#xF3;n entre agentes pertenecientes a un mismo nivel de gesti&#xF3;n mejora la respuesta de la organizaci&#xF3;n escolar, siendo una innovaci&#xF3;n en el espectro del sistema educativo. </subfield>
    <subfield code="c">REDINE</subfield>
  </datafield>
  <datafield tag="653" ind1=" " ind2=" ">
    <subfield code="a">Gesti&#xF3;n educativa</subfield>
  </datafield>
  <datafield tag="653" ind1=" " ind2=" ">
    <subfield code="a">Liderazgo lateral</subfield>
  </datafield>
  <datafield tag="653" ind1=" " ind2=" ">
    <subfield code="a">Equipos de gesti&#xF3;n</subfield>
  </datafield>
  <datafield tag="653" ind1=" " ind2=" ">
    <subfield code="a">Colaboraci&#xF3;n</subfield>
  </datafield>
  <datafield tag="773" ind1=" " ind2=" ">
    <subfield code="g">Vol. 17, no. 2 (2025), p. 70-78</subfield>
    <subfield code="t">REDINE : red de investigaci&#xF3;n educativa</subfield>
    <subfield code="x">2244&#x2013;7997</subfield>
  </datafield>
  <datafield tag="856" ind1="4" ind2=" ">
    <subfield code="u">https://revistas.uclave.org/index.php/redine/article/view/5397</subfield>
  </datafield>
  <datafield tag="856" ind1="4" ind2=" ">
    <subfield code="u">https://revistas.uclave.org/index.php/redine/article/view/5397/3672</subfield>
  </datafield>
  <datafield tag="902" ind1=" " ind2=" ">
    <subfield code="a">Leonor Sotres/250526</subfield>
  </datafield>
  <datafield tag="942" ind1=" " ind2=" ">
    <subfield code="c">ART-E</subfield>
  </datafield>
  <datafield tag="952" ind1=" " ind2=" ">
    <subfield code="0">0</subfield>
    <subfield code="1">0</subfield>
    <subfield code="4">0</subfield>
    <subfield code="7">0</subfield>
    <subfield code="8">CAA</subfield>
    <subfield code="a">BCUPN50</subfield>
    <subfield code="b">BCUPN50</subfield>
    <subfield code="c">ENL</subfield>
    <subfield code="d">2026-05-25</subfield>
    <subfield code="l">0</subfield>
    <subfield code="r">2026-05-25 14:15:45</subfield>
    <subfield code="u">https://revistas.uclave.org/index.php/redine/article/view/5397/3672</subfield>
    <subfield code="w">2026-05-25</subfield>
    <subfield code="y">ART-E</subfield>
  </datafield>
  <datafield tag="999" ind1=" " ind2=" ">
    <subfield code="c">215203</subfield>
    <subfield code="d">215203</subfield>
  </datafield>
</record>
